Top 100 Baby Boy Names in USA in 2024 - Statistics

General Stats
  • This quiz has been taken 633 times
  • The average score is 48 of 100
Answer Stats
Rank Name % Correct
26 John
90%
14 Jack
87%
4 James
86%
10 William
85%
16 Michael
84%
17 Daniel
82%
41 Thomas
81%
3 Oliver
80%
1 Liam
79%
32 Matthew
79%
27 David
78%
2 Noah
78%
8 Henry
77%
93 Jose
76%
22 Alexander
75%
24 Luca
74%
20 Samuel
74%
11 Benjamin
73%
54 Charles
72%
80 Eli
72%
31 Luke
72%
28 Jackson
71%
9 Lucas
71%
89 Robert
71%
36 Jacob
70%
29 Joseph
70%
55 Christopher
69%
65 Andrew
68%
83 Ryan
68%
18 Leo
67%
5 Elijah
65%
60 Joshua
64%
59 Nathan
64%
46 Anthony
61%
25 Ethan
61%
19 Owen
61%
78 Theo
60%
30 Mason
59%
42 Isaac
58%
82 Jonathan
58%
98 Jordan
56%
40 Aiden
55%
34 Dylan
53%
68 Aaron
52%
39 Logan
51%
7 Theodore
51%
77 Christian
50%
13 Sebastian
50%
49 Jayden
49%
48 Carter
48%
38 Gabriel
48%
12 Levi
48%
33 Julian
46%
6 Mateo
46%
70 Ian
45%
58 Cameron
44%
84 Leonardo
44%
51 Caleb
42%
91 Parker
41%
56 Isaiah
40%
43 Miles
39%
92 Jeremiah
38%
61 Kai
38%
47 Wyatt
38%
44 Grayson
37%
23 Asher
36%
52 Cooper
36%
15 Ezra
32%
67 Adrian
30%
69 Wesley
30%
35 Elias
29%
97 Landon
29%
21 Hudson
28%
86 Jaxon
28%
57 Nolan
28%
37 Maverick
27%
64 Lincoln
25%
94 Colton
24%
50 Ezekiel
24%
53 Josiah
24%
87 Micah
24%
66 Roman
24%
76 Rowan
24%
63 Angel
21%
72 Axel
21%
74 Bennett
21%
75 Weston
21%
88 Everett
20%
96 Easton
18%
81 Silas
18%
79 Beau
17%
95 Luka
17%
85 Walker
17%
73 Brooks
15%
90 Enzo
15%
45 Santiago
15%
62 Waylon
10%
99 Amir
9%
71 Thiago
7%
100 Gael
6%
No matching quizzes found
Score Distribution
Percent of People with Each Score
Percentile by Number Answered
Your Score History
You have not taken this quiz